000
00330nam a22001337a 4500
008
170707b xxu||||| |||| 00| 0 eng d
020
_a
9780314264824
041
_a
eng
080
_a
05
100
_a
22
101
_a
GJL
245
_a
SUCCESSFUL LEGAL ANLYSIS AND WRITING THE FUNDAMENTALS
_c
CLARY.B.G
942
_2
udc
_c
BK
999
_c
20032
_d
20032